| 000 | 00641nam a22001577a 4500 | ||
|---|---|---|---|
| 020 | _a9788132203551 | ||
| 082 | _a621.38456 | ||
| 100 | _aTrautschold, Martin. | ||
| 245 | _aDroids made simple : For the Droid, Droid X, Droid 2, and Droid 2 Global | ||
| 260 |
_aNew Delhi _bApress _c2011 |
||
| 300 |
_axxi, 585 p. _bill. ; _e24 cm. |
||
| 500 | _aIncludes index. | ||
| 650 | _a1. Android (Electronic resource) 2. Google. 3. Droid (Smartphone) 4. Smartphones. 5. Pocket computers. 6. Mobile computing. 7. Smartphones. 8. Pocket computers. | ||
| 700 | _a1. Mazo, Gary. 2. Karch, Marziah. 3. Made Simple Learning (Firm) | ||
| 942 | _cBK | ||
| 999 |
_c12068 _d12068 |
||